| 000 | 00369nam a2200133 a 4500 | ||
|---|---|---|---|
| 005 | 20140513081058.0 | ||
| 008 | 080110s19uu xx 00 eng d | ||
| 050 |
_aVCD _bAr696 2002 |
||
| 245 |
_aAriel's songs and stories: _btail of two crabs. |
||
| 260 |
_bWalt Disney, _c2002. |
||
| 440 | _aDisney princess collection : | ||
| 650 | _aMermaid-fiction. | ||
| 999 |
_c116624 _d116624 |
||